Problemas de la transición al socialismo
Guardat en:
| Autor principal: | |
|---|---|
| Format: | Text |
| Publicat: |
Barcelona:
Grijalbo
|
| Etiquetes: |
Afegir etiqueta
Sense etiquetes, Sigues el primer a etiquetar aquest registre!
|
MARC
| LEADER | 00000 a a2200000 04500 | ||
|---|---|---|---|
| 001 | 24905 | ||
| 003 | |||
| 040 | |||
| 020 | |a 84-7423-082-9 | ||
| 090 | |a 175500 | ||
| 100 | |a Cerroni, Umberto | ||
| 245 | |a Problemas de la transición al socialismo | ||
| 260 | |a Barcelona: |b Grijalbo | ||
| 300 | |a 212 p. | ||
| 999 | |c 946 |d 946 | ||



